000 00946cam a2200253 4500
001 J2337
008 090401t1994 xxu||||| |||| 00| 0 eng d
035 _a(Sirsi) u48475
041 _aeng
050 _a692.8
090 _aJCT 1994/14A
110 _aJoint Contracts Tribunal
_93664
245 _aAgreement for renovation grant works RG(C) where the client deals directly with the building contractor (i.e. no architect or contract administrator has been appointed) and a renovation grant is to be made under the Local Government and Housing Act 1989 and practice note.
260 _aLondon
_bBEC Publications
_c1994
300 _a16p. ; 30cm.
350 _a5
650 _aBUILT ENVIRONMENT-BUILDING CONTRACT FORMS
650 _aLOCAL GOVERNMENT AND HOUSING ACT 1989
650 _aRENOVATION GRANT WORKS
650 _aRENOVATION GRANTS
690 _aBUILT ENVIRONMENT-BUILDING CONTRACT FORMS
942 _n0
948 _c04/03/1997
999 _c92346
_d92346